| 000 | 00406 a2200157 4500 | ||
|---|---|---|---|
| 000 | BKB | ||
| 001 | 069612 | ||
| 005 | 20200902150325.0 | ||
| 008 | |||
| 082 |
_a658.8 _bR19S |
||
| 100 | 1 | _aShanker, Ravi | |
| 245 | 1 |
_aServices marketing _cby Ravi Shanker |
|
| 260 |
_aNew Delhi _bExcel Books _c2010 |
||
| 300 | _a656p. | ||
| 690 | _aService industries; India | ||
| 999 |
_c3156 _d3156 |
||